Southville International School and Colleges
Your cart is empty.
  • Cart
  • Lists
    Public lists Eva Luna New books Lux_list list_1
    Your lists Log in to create your own lists
  • Log in to your account
  • Your cookies
  • Search history
Southville International School and Colleges
  • Advanced search
  • Recent comments
  • Most popular
  • Libraries

Log in to your account

Log in with GOOGLE


If you do not have an external account, but do have a local account, you can still log in:

  1. Home
  2. MARC view: Hopsalot's Garden /
Normal view MARC view ISBD view

Hopsalot's Garden / (Record no. 105825)

[ view plain ]
MARC details
000 -LEADER
fixed length control field 00762nam a2200217 a 4500
005 - DATE AND TIME OF LATEST TRANSACTION
control field 20140412111415.0
008 - FIXED-LENGTH DATA ELEMENTS--GENERAL INFORMATION
fixed length control field 070813s19uu xx 00 eng d
020 ## - INTERNATIONAL STANDARD BOOK NUMBER
International Standard Book Number 0-439-20319-8
050 ## - LIBRARY OF CONGRESS CALL NUMBER
Classification number TR(PS E
Item number Ho77 2000
100 ## - MAIN ENTRY--PERSONAL NAME
Personal name Weinberger, Kimberly
245 ## - TITLE STATEMENT
Title Hopsalot's Garden /
Statement of responsibility, etc Kimberly Weinberger.
260 ## - PUBLICATION, DISTRIBUTION, ETC. (IMPRINT)
Place of publication, distribution, etc New York :
Name of publisher, distributor, etc Scholastic,
Date of publication, distribution, etc 2000.
300 ## - PHYSICAL DESCRIPTION
Extent 1 v. (unpaged)
440 ## - SERIES STATEMENT/ADDED ENTRY--TITLE
Title Jumpstart
500 ## - GENERAL NOTE
General note "Based on the #1 educational software for children"
520 ## - SUMMARY, ETC.
Summary, etc When Hopsalot, the rabbit, plants his seeds in the spring, his garden is surpassed by those of his friends, but he must wait until fall to find out why.
650 ## - SUBJECT ADDED ENTRY--TOPICAL TERM
Topical term or geographic name as entry element Gardens
General subdivision fiction
650 ## - SUBJECT ADDED ENTRY--TOPICAL TERM
Topical term or geographic name as entry element Rabbits
General subdivision fiction
650 ## - SUBJECT ADDED ENTRY--TOPICAL TERM
Topical term or geographic name as entry element Seasons
General subdivision fiction
Holdings
Withdrawn status Lost status Damaged status Home library Current library Shelving location Date acquired Source of acquisition Cost, normal purchase price Total Checkouts Full call number Barcode Date last seen Price effective from Koha item type
      Elizalde Library Elizalde Library Teachers Reference Section 08/13/2007   125.00   TR(PS E Ho77 2000 E10745 04/12/2014 04/12/2014 Books

Hopsalot's Garden /

APA

Weinberger K., . (2000). Hopsalot's Garden. New York: Scholastic.

Chicago

Weinberger Kimberly, . 2000. Hopsalot's Garden. New York: Scholastic.

Harvard

Weinberger K., . (2000). Hopsalot's Garden. New York: Scholastic.

MLA

Weinberger Kimberly, . Hopsalot's Garden. New York: Scholastic. 2000.

  • Place hold
  • Print
  • Cite
  • Add to your cart (remove)
  • Save record
    BIBTEX Dublin Core MARCXML MARC (non-Unicode/MARC-8) MARC (Unicode/UTF-8) MARC (Unicode/UTF-8, Standard) MODS (XML) RIS
  • More searches
    Search for this title in:
    Other Libraries (WorldCat) Other Databases (Google Scholar) Online Stores (Bookfinder.com) Open Library (openlibrary.org)

Exporting to Dublin Core...

SOUTHVILLE LIBRARY

Southville International School and Colleges Library

1281 Tropical Ave. Cor. Luxembourg St., BF Homes International, Las Pinas City

Tel. No. 8256374 / 252358 Loc. 117/146

Powered by Koha